[Event "Mataro Maresme op-A 13th"]
[Site "Mataro"]
[Date "2016.11.05"]
[Round "5"]
[White "Dominguez Laguna, Eduard"]
[Black "Shukorov, Artem"]
[Result "0-1"]
[WhiteElo "1707"]
[BlackElo "1761"]
[PlyCount "50"]
[EventDate "2016.10.08"]
[EventType "swiss"]
[EventRounds "9"]
[EventCountry "ESP"]
[SourceTitle "EXT 2018"]
[Source "ChessBase"]
[SourceDate "2017.10.13"]
[SourceVersion "1"]
[SourceVersionDate "2017.10.13"]
[SourceQuality "1"]

1. e4 e5 2. Nf3 Nc6 3. Bb5 a6 4. Ba4 Nf6 5. d3 b5 6. Bb3 Be7 7. 0-0 0-0 8. c3 d6 9. h3 Na5 10. Bc2 c5 11. Re1 Bb7 12. Nbd2 c4 13. d4 exd4 14. Nxd4 Re8 15. Nf1 h6 16. Nf5 Bf8 17. N1g3 Qc7 18. Bf4 Rad8 19. Qd2 Qc6 20. Qd4 d5 21. e5 Bc5 22. Qd2 d4 23. f3 dxc3+ 24. Qf2 Bxf2+ 25. Kxf2 Nd5 0-1

[Event "Mataro Maresme op-A 13th"]
[Site "Mataro"]
[Date "2016.10.15"]
[Round "2"]
[White "Duran Gutierrez, Juan Luis"]
[Black "Dominguez Laguna, Eduard"]
[Result "1-0"]
[WhiteElo "1902"]
[BlackElo "1707"]
[PlyCount "113"]
[EventDate "2016.10.08"]
[EventType "swiss"]
[EventRounds "9"]
[EventCountry "ESP"]
[SourceTitle "EXT 2018"]
[Source "ChessBase"]
[SourceDate "2017.10.13"]
[SourceVersion "1"]
[SourceVersionDate "2017.10.13"]
[SourceQuality "1"]

1. c4 e5 2. Nc3 Nc6 3. Nf3 f5 4. d3 Nf6 5. g3 Bc5 6. Bg2 d6 7. 0-0 0-0 8. e3 Qe8 9. d4 Bb6 10. b4 Nxb4 11. Qb3 Ba5 12. Ba3 c5 13. Nb5 Qe7 14. Qa4 Bb6 15. Bxb4 cxb4 16. Qxb4 e4 17. Ng5 Rd8 18. Nh3 a6 19. Nc3 Ba7 20. Nf4 Rb8 21. Ncd5 Nxd5 22. Nxd5 Qf7 23. Rfc1 Be6 24. Nf4 g5 25. Nxe6 Qxe6 26. Qa5 Rdc8 27. Bf1 Kg7 28. Rab1 Kg6 29. Rb3 Qd7 30. Rcb1 f4 31. Qd5 Rc7 32. Qxe4+ Qf5 33. Bd3 Qxe4 34. Bxe4+ Kf6 35. Rxb7 Rbc8 36. Bxh7 f3 37. Be4 g4 38. h4 Bxd4 39. Rxc7 Rxc7 40. exd4 Rxc4 41. Rd1 Ra4 42. Bb1 Rb4 43. Kf1 Rb2 44. Ke1 a5 45. a4 Rb4 46. Bc2 Rc4 47. Rd2 Ke6 48. Kd1 Kd5 49. h5 Rc8 50. h6 Kc4 51. h7 Kb4 52. d5 Ka3 53. Rd3+ Kb2 54. Rb3+ Ka2 55. Rb7 Ka3 56. Bf5 Rc1+ 57. Kxc1 1-0